000
00237nam a22000977a 4500
008
250718b |||||||| |||| 00| 0 eng d
020
_a
9789359589978
100
_a
Oswaal
_9
7599
245
_a
Social Science-9
260
_a
Oswaal
_b
Oswaal
_c
2025
999
_c
12786
_d
12786